Udinese Calcio Squad 2019-2020 - Statistics

General Stats
  • This quiz has been taken 13 times
  • The average score is 16 of 29
Answer Stats
# Position Nation Player % Correct
1 GK Argentina Juan Musso
100%
50 DF Brazil Rodrigo Becão
91%
10 MF Argentina Rodrigo de Paul
91%
6 MF Ivory Coast Seko Fofana
82%
11 MF Brazil Walace
82%
72 MF Czech Republic Antonín Barák
73%
- Coach Croatia Igor Tudor
73%
- Coach Italy Luca Gotti
73%
17 DF Netherlands Bram Nuytinck
64%
23 FW Argentina Ignacio Pussetto
64%
30 FW North Macedonia Ilija Nestorovski
64%
19 DF Denmark Jens Stryger Larsen
64%
15 FW Italy Kevin Lasagna
64%
8 MF Bosnia and Herzegovina Mato Jajalo
64%
3 DF Brazil Samir
55%
12 MF Sweden Ken Sema
45%
4 DF Ghana Nicholas Opoku
45%
88 GK Brazil Nícolas
45%
5 DF Nigeria William Troost-Ekong
45%
2 DF Chile Francisco Sierralta
36%
18 DF Netherlands Hidde ter Avest
36%
91 FW Poland Łukasz Teodorczyk
36%
77 DF Netherlands Marvin Zeegelaar
36%
38 MF Italy Rolando Mandragora
36%
27 GK Italy Samuele Perisan
36%
4 DF Austria Sebastian Prödl
36%
87 DF France Sebastien De Maio
36%
7 FW Italy Stefano Okaka
36%
40 FW Italy Emanuele Rovini
18%
No matching quizzes found
Score Distribution
Percent of People with Each Score
Percentile by Number Answered
Your Score History
You have not taken this quiz